Café Central (Registo nº 6106)
[ vista simples ]
| 000 -Etiqueta do registo | |
|---|---|
| Valores | 01027cam a2200217 4500 |
| 010 ## - Número ISBN | |
| ISBN | 9722014374 |
| 021 ## - Número do Depósito Legal | |
| Número | 118998/87 |
| 100 ## - Dados gerais de processamento | |
| Dados gerais | 19971111e1998 m y0pory5003 ba |
| 200 1# - Titulo e menção de responsabilidade | |
| Título próprio | Café Central |
| Informação de outro título | Folhetim do mundo vivido em Vila Velha |
| Primeira menção de responsabilidade | Álvaro Guerra |
| 205 ## - Menção da edição | |
| Edição | 4ª ed |
| 210 #9 - Publicação | |
| Local de publicação | Lisboa |
| Nome do editor | Dom Quixote, |
| Data de publicação | 1998 |
| 215 ## - Descrição física | |
| Paginação / Volumes | 435 p. |
| 225 2# - Colecção | |
| Título próprio da colecção | Autores de Língua Portuguesa |
| 330 ## - Sumário ou Resumo | |
| Texto da nota | “Café Central”de Álvaro Guerra é uma narrativa histórica que aborda as temáticas relativas ao Portugal do século XX. O livro tem como ponto de partida o Café Central, um estabelecimento de Vila Franca de Xira que servia como local de encontro para troca de informações. A verdade é que não são poucas as conspirações políticas, quedas de governo e correntes artísticas que tiveram origem em torno de uma chávena de café |
| 675 ## - CDU | |
| Notação | 821.134.3-92 |
| Edição | PT |
| Língua | por |
| 700 #1 - Autor principal (pessoa individual) | |
| Apelido | Guerra, |
| Nome | Álvaro, |
| Datas | 1936-2002 |
| 801 #0 - Fonte de origem | |
| País | PT |
| Agência | BMVN |
| Regras de catalogação | RPC |
| 830 ## - Notas gerais do catalogador | |
| Criado por | Céu Baptista |
| Data de criação | 31.12.2021 |
| 990 ## - Elementos KOHA | |
| Tipo de documento | Livro |
Não há exemplares disponíveis.